Condoriencontros : (Registro nro. 326462)
[ vista simple ]
| 000 -ENCABEZADO | |
|---|---|
| Número de control [NR] | 01602nam a22002657a 4500 |
| 005 - FECHA Y HORA DE LA ÚLTIMA TRANSACCIÓN | |
| control field | 20260529125150.0 |
| 008 - DE LONGITUD FIJA DE DATOS DE ELEMENTOS - INFORMACIÓN GENERAL | |
| Elementos de longitud fija [NR] | 260529t2026 |||||||| |||| 00| 0 spa d |
| 020 ## - NUMERO INTERNACIONAL NORMALIZADO PARA LIBROS [R] | |
| Número Internacional Normalizado del libro [NR] | 9789585007024 |
| 040 ## - FUENTE DE CATALOGACION [NR] | |
| Agencia de catalogación original [NR] | CO-BoUCM |
| Idioma de catalogación [NR] | spa |
| Quien Cataloga | Stefania Borbon |
| Quien Clasifica | Stefania Borbon |
| 041 ## - CODIGO DE IDIOMA [R] | |
| Código de idioma para texto/pista de sonido o título separado [R] | Español |
| 100 ## - ASIENTO PRINCIPAL--NOMBRE PERSONAL [NR] | |
| Nombre personal [NR] | Stern W., Claudia |
| ID Autoridad | 186474 |
| 245 ## - MENCION DE TITULO [NR] | |
| Título [NR] | Condoriencontros : |
| Parte restante del título [NR] | emociones, trauma y memoria (Chile, pasado y presente) / |
| Mención de responsabilidad, etc. [NR] | Claudia Stern W, prólogo, Juan Alberto Conde ; epílogo, Jorge Catalá |
| 260 ## - PUBLICACION, DISTRIBUCION, ETC. (PIE DE IMPRENTA) [R] | |
| Lugar de publicación, distribución, etc. [R] | Bogotá D. C. : |
| Nombre del editor, distribuidor, etc. [R] | Editorial Universidad del Rosario : |
| Fecha de publicación, distribución, etc. [R] | Editorial Universidad de Guadalajara, |
| -- | 2026 |
| 300 ## - DESCRIPCION FISICA [R] | |
| Extensión [R] | 487 páginas |
| 504 ## - NOTA DE BIBLIOGRAFIA, ETC. [R] | |
| Nota de bibliografía, etc. [NR] | Incluye referencias bibliográficas |
| 520 3# - NOTA DE RESUMEN, ETC. [R] | |
| Nota de sumario, etc. [NR] | Análisis crítico e interdisciplinar sobre la célebre tira cómica chilena "Condorito" y su impacto sociocultural entre los años 1955 y 1995. La autora indaga en los contrastes de la sociedad chilena a partir de tres ejes fundamentales: el hambre, el miedo y la risa, analizando cómo la historieta sirvió como válvula de escape, reflejo y memoria histórica ante periodos de represión política, dictadura militar y transformaciones sociales en el cono sur. |
| 650 #4 - ASIENTO SECUNDARIO DE MATERIA - TERMINO TEMATICO [R] | |
| Término temático o nombre geográfico como elemento de entrada [NR] | Condorito (Caricatura) |
| Subdivisión general [R] | Crítica e interpretación |
| 9 (RLIN) | 189530 |
| 650 #4 - ASIENTO SECUNDARIO DE MATERIA - TERMINO TEMATICO [R] | |
| Término temático o nombre geográfico como elemento de entrada [NR] | Tiras cómicas |
| Subdivisión general [R] | Aspectos sociales |
| Subdivisión geográfica [R] | Chile |
| 9 (RLIN) | 189531 |
| 650 #4 - ASIENTO SECUNDARIO DE MATERIA - TERMINO TEMATICO [R] | |
| Término temático o nombre geográfico como elemento de entrada [NR] | Cómics y caricaturas |
| Subdivisión general [R] | Historia y crítica |
| Subdivisión geográfica [R] | Chile |
| 9 (RLIN) | 189532 |
| 650 #4 - ASIENTO SECUNDARIO DE MATERIA - TERMINO TEMATICO [R] | |
| Término temático o nombre geográfico como elemento de entrada [NR] | Memoria colectiva |
| Subdivisión geográfica [R] | Chile |
| 9 (RLIN) | 189533 |
| 700 1# - ASIENTO SECUNDARIO - NOMBRE PERSONAL [R] | |
| Nombre personal [NR] | Conde, Juan Alberto |
| Término de relación [R] | prólogo |
| 9 (RLIN) | 135643 |
| 700 1# - ASIENTO SECUNDARIO - NOMBRE PERSONAL [R] | |
| Nombre personal [NR] | Catalá, Jorge |
| Término de relación [R] | prólogo |
| 9 (RLIN) | 189534 |
| 942 ## - ELEMENTOS DE ENTRADA AGREGADOS (KOHA) | |
| Sistema de clasificación | DEWEY |
| Tema principal | Arte |
| Tipo de ítem principal el descrito en 300a | Edición Rosarista |
| Edición | 1 |
| Clasificación | 741.5 |
| Parte restante de la signatura top. | S839c |
| Total préstamos | Signatura topográfica | Código de barras | Última vez visto | Ejemplar | Price effective from | Tipo de ítem | Nota pública (OPAC) | Perdido | Sistema de clasificación | Dañado | No prestable | Tipo de ítem específico | Suprimido | Ubicación habitual | Ubicación actual | Localización | Fecha de creación | Forma de adquisición | Costo |
|---|---|---|---|---|---|---|---|---|---|---|---|---|---|---|---|---|---|---|---|
| 741.5 S839c | 100175310 | 01/06/2026 | Ej.1 | 29/05/2026 | Edición Rosarista | Ed. Rosaristas | DEWEY | Libro Edición Rosarista | Claustro | Claustro | 4to piso | 29/05/2026 | Compra | 46800.00 | |||||
| 741.5 S839c | 100175309 | 01/06/2026 | Ej.2 | 29/05/2026 | Libro | Spot Artes Visuales | DEWEY | Libro | Claustro | Claustro | Mezanine | 29/05/2026 | Compra | 46800.00 | |||||
| 741.5 S839c | 100175308 | 01/06/2026 | Ej.3 | 29/05/2026 | Libro | Spot Artes Visuales | DEWEY | Libro | Claustro | Claustro | Mezanine | 29/05/2026 | Compra | 46800.00 |